| 000 | 00988nac a22002531u 4500 | ||
|---|---|---|---|
| 010 | _a 2005299231 | ||
| 020 | _a0750662700 (pbk.) | ||
| 035 | _a(OCoLC)ocm56435945 | ||
| 082 | 0 | 4 |
_a621.80289 _bMAC |
| 090 |
_c5138 _d5138 |
||
| 100 | _aMacdonald, Dave, | ||
| 245 | 1 | 0 |
_aPractical machinery safety / _cDavid M. MacDonald. |
| 260 |
_aAmsterdam ; _aBoston : _bNewnes,2004. _c2004. |
||
| 300 |
_aix, 289 p. : _bill. ; _c27 cm. |
||
| 440 | 0 | _aPractical professional books from Elsevier | |
| 500 | _aSeries Editor: Steve Mackay | ||
| 504 | _aIncludes bibliographical references and index. | ||
| 650 | 0 |
_aMachinery _xSafety appliances. |
|
| 650 | 0 |
_aMachinery _xSafety measures. |
|
| 650 | 0 | _aIndustrial safety. | |
| 856 | 4 | 2 |
_3Publisher description _uhttp://www.loc.gov/catdir/enhancements/fy0627/2005299231-d.html |
| 856 | 4 | 2 |
_3Table of contents only _uhttp://www.loc.gov/catdir/enhancements/fy0627/2005299231-t.html |
| 942 |
_cBB _k621.80289MAC |
||
| 999 |
_c5138 _d5138 |
||